000 01677nac a22003017a 4500
003 Co-PeBPM
005 20240823215933.0
007 ta
008 240823s2021 ck a|||| |||| 00| 0 spa d
020 _a9789584906762
040 _aCo-PeBPM
_bspa
_cCo-PeBPM
_erda
082 0 4 _aCo864 C268p
_222
100 1 _aCardona Tobón, Alfredo
_eautor
245 1 0 _aEl patio de las brujas
_b: Historias y leyendas del Viejo Caldas
_c/ Alfredo Cardona Tobón
250 _aPrimera edición
260 _aPereira, Colombia
_b: Historia y Región,
_c2021
300 _a358 páginas
_bilustraciones y fotografías en blanco y negro
_c21 centímetros
490 _aHistoria y Región
500 _aIncluye índice y glosario
500 _aContiene datos biográficos del autor en la solapa del texto
504 _aIncluye Bibliografía
520 _aEste nuevo libro escrito por Alfredo Cardona Tobón, recoge sucesos que identifican una comunidad rica en historias y leyendas con cultura de raíces paisas, caucanas e indígenas. El libro muestra personajes con historia y ciudadanos del común que aparentemente solo dejaron sus cenizas a la posteridad. Pero como hasta los más humildes tiene su pasado , en el Patio de la Brujas aparecen al lado de los notables, ciudadanos anónimos que pusieron el pecho a las balas defendiendo sus principios , colonos sin nombre que levantaron sus ranchos en medio de las fieras y héroes que sucumbieron en la lucha tenaz del hacha con el papel sellado.
650 1 4 _aCrónicas colombianas
_2Lemb
650 1 4 _aPersonajes mitológicos
_2Lemb
650 1 4 _aBrujas - Historias
_2Lemb
650 1 4 _aFolclor - Colombia
_2Lemb
942 _2ddc
_cBK
_n0
999 _c59457
_d59457